| 000 | 00621nam a22002057a 4500 | ||
|---|---|---|---|
| 008 | 130821s1876 fr gr fre | ||
| 040 |
_aCo-BoUCM _bspa |
||
| 041 | 0 | 0 | _afre |
| 100 |
_aBurnouf, E _9150329 |
||
| 245 | 0 | 0 |
_aIntroduction a L'historia du Buddhisme indien _cE. Burnouf |
| 250 | _a2a. ed. | ||
| 260 |
_aParís (Francia) _bMaisonnauve _c1876 |
||
| 300 | _a587 páginas | ||
| 650 | 0 | 4 |
_aBudismo _910234 |
| 650 | 0 | 4 |
_aBudismo _xHistoria _zIndia _910234 |
| 650 | 0 | 4 |
_aHistoria _97695 |
| 651 |
_aIndia _926639 |
||
| 942 |
_cLIBRO _a4 _e2 _mB87 _n0 _2DEWEY _h294.4 |
||
| 999 |
_c87169 _d87169 |
||